[Event "Dhaka Powertec op-B"]
[Site "Dhaka"]
[Date "2017.07.16"]
[Round "2"]
[White "Md Ruhul, Amin"]
[Black "Mohammad Nazrul, Islam"]
[Result "1-0"]
[WhiteElo "1815"]
[BlackElo "1972"]
[PlyCount "53"]
[EventDate "2017.07.15"]
[EventType "swiss"]
[EventRounds "9"]
[EventCountry "BAN"]
[SourceTitle "EXT 2018"]
[Source "ChessBase"]
[SourceDate "2017.10.13"]
[SourceVersion "1"]
[SourceVersionDate "2017.10.13"]
[SourceQuality "1"]

1. e4 c5 2. Nf3 Nc6 3. Nc3 d6 4. d4 Bd7 5. d5 Ne5 6. Nxe5 dxe5 7. Qh5 Qc7 8. Be3 Nf6 9. Qg5 h6 10. Qg3 a6 11. a4 b6 12. Be2 g6 13. f4 exf4 14. Bxf4 Qc8 15. e5 Nh7 16. e6 Bxe6 17. dxe6 Qxe6 18. 0-0-0 Bg7 19. Bg4 Qc4 20. Bd7+ Kf8 21. Be5 Nf6 22. Qf3 Rd8 23. Bb5 Rxd1+ 24. Rxd1 axb5 25. Rd8+ Ne8 26. Rxe8+ Kxe8 27. Bxg7 1-0